书目信息 |
| 题名: |
汉字学十讲
|
|
| 作者: | 吕浩 编著 | |
| 分册: | ||
| 出版信息: | 上海 学林出版社 2006.06 |
|
| 页数: | 192页 | |
| 开本: | 23cm | |
| 丛书名: | ||
| 单 册: | ||
| 中图分类: | H12 | |
| 科图分类: | ||
| 主题词: | 汉字--han zi--文字学 | |
| 电子资源: | ||
| ISBN: | 7-80730-135-X | |
| 000 | 00659nam0 2200217 450 | |
| 001 | 012006049447 | |
| 005 | 20070604105348.34 | |
| 010 | @a7-80730-135-X@dCNY25.00 | |
| 100 | @a20061230d2006 km y0chiy0120 ea | |
| 101 | 0 | @achi |
| 102 | @aCN@b310000 | |
| 105 | @ay z 000yy | |
| 200 | 1 | @a汉字学十讲@Ahan zi xue shi jiang@f吕浩编著@Flu hao bian zhu |
| 210 | @a上海@c学林出版社@d2006.06 | |
| 215 | @a192页@d23cm | |
| 330 | @a本书涉及汉字的起源与发展、汉字的性质、汉字学基本理论、汉字与汉语的关系等方面的内容。 | |
| 606 | 0 | @a汉字@Ahan zi@x文字学 |
| 690 | @aH12@v4 | |
| 701 | 0 | @a吕浩@Alu hao@4编著 |
| 801 | 0 | @aCN@c20070604 |
| 905 | @b233097-99@dH12@eL892 | |
| 汉字学十讲/吕浩编著.-上海:学林出版社,2006.06 |
| 192页;23cm |
| ISBN 7-80730-135-X:CNY25.00 |
| 本书涉及汉字的起源与发展、汉字的性质、汉字学基本理论、汉字与汉语的关系等方面的内容。 |
| ● |
| 相关链接 |
|
|
|
正题名:汉字学十讲
索取号:H12/L892
 
预约/预借
| 序号 | 登录号 | 条形码 | 馆藏地/架位号 | 状态 | 备注 |
| 1 | 233097 | 202330977 | 数理学院资料室/ [索取号:H12/L892] | 在馆 | |
| 2 | 233098 | 202330986 | 语言库209/209语言库 70排4列5层/ [索取号:H12/L892] | 在馆 | |
| 3 | 233099 | 202330995 | 语言库209/209语言库 70排4列5层/ [索取号:H12/L892] | 在馆 |